| 000 | 005720000a22001930004500 | ||
|---|---|---|---|
| 005 | 20231127121953.0 | ||
| 008 | 230817t2001 ||||| |||| 00| 0 eng d | ||
| 020 | _a984311289X | ||
| 082 |
_a346.015 _bKAM |
||
| 100 | _aKamal, Sultana | ||
| 245 |
_aHer unfearing mind: _bWomen and Muslim Laws in Bangadesh |
||
| 260 |
_aBangladesh: _bAin o Salish Kendro, _c2001 |
||
| 300 |
_a158 p. _bGlossary included |
||
| 650 | _aWOMEN LAW-Muslim world | ||
| 650 | _aFamily laws-Bangladesh | ||
| 700 |
_a Amin, Aasha Mehreen _eed. |
||
| 700 |
_aPereira, Faustina _etrans. |
||
| 942 | _cBK | ||
| 999 |
_c220 _d220 |
||